Science Quiz

Random Science or Grab Bag Quiz
Score 0/50 Timer 04:00
0 Plays Today
% Correct
Argon
82.5%
Xenon
78.4%
Helium
75%
Radon
72.9%
Air
69.6%
Fire
68.8%
Krypton
68.6%
Earth
68.1%
Water
67.8%
Carbon
65.3%
Fluorine
64.3%
Chlorine
63.5%
Oxygen
63.3%
Lithium
59.1%
Nitrogen
58.8%
Bromine
58.8%
Iodine
57.6%
Hydrogen
56.6%
Sodium
54.6%
Potassium
54%
Iron
53.7%
Unobtanium
52.6%
Aether
49.8%
Chromium
46%
Manganese
45.8%
% Correct
Titanium
44.5%
Dilithium
41.7%
Astatine
41.5%
Caesium
40.1%
Ammonium
40.1%
Phosphorus
37.4%
Rubidium
34%
Uranium
33.1%
Vanadium
31.1%
Actium
29.2%
Darmstadtium
29%
Platinum
28.3%
Silicone
28%
Europium
27.6%
Lawrencium
27.6%
Gadolinium
27.2%
Americium
26%
Samarium
25.6%
Holmium
23.2%
Fermium
21.8%
Cerium
20.8%
Osmium
20.2%
Curium
19.2%
Iridium
17%
Rhenium
15.4%
Remove Ads.
Support Sporcle.
Get the best of Sporcle when you Go Orange. This ad-free experience offers more features, more stats, and more fun while also helping to support Sporcle. Thank you for becoming a member.

You're not logged in!

Compare scores with friends on all Sporcle quizzes.
OR
Log In

Show Comments

Extras

Top Quizzes Today


Score Distribution

Your Account Isn't Verified!

In order to create a playlist on Sporcle, you need to verify the email address you used during registration. Go to your Sporcle Settings to finish the process.

Report this User

Report this user for behavior that violates our Community Guidelines.

Details: